000 00581nam a2200181 i 4500
001 73160
003 ES-MaACL
007 t|
008 040907s1974 sp ||||1| spa d
100 1 _aGómez Pin, Víctor
_958114
245 1 3 _aEl drama de la ciudad ideal
_b: (óbito de la constitución del mundo y nacimiento de Hegel en Platón) /
_cVíctor Gómez Pin.
260 _a[Madrid] :
_bTaurus,
_c[1974]
300 _a102 p. ;
_c21 cm.
490 1 _aEnsayistas
830 0 _aEnsayistas
_9177257
852 _aES-MaACL
_jE-6530
_bR.90387
999 _c73160
_d73160